00434 2200157 4500001002100000008004100021035002000062245004200082100002000124260004200144020001700186084001600203082001000219650003400229990001300263INLIS000000000000525 ind  a0010-0120000525 aAlbum Pahlawan BangsacDjoko Ketawang aKetawang, Djoko aJakarta:bMutiara Sumber Widya,c1995 aNOISBN-00082 a923.5 KET a a923.5 aSejarah Indonesia -- Pahlawan a11900037